अकर्मक क्रिया / (Record no. 117033)

MARC details
000 -LEADER
fixed length control field 00989nam a22002537a 4500
005 - DATE AND TIME OF LATEST TRANSACTION
control field 20170124103048.0
010 ## - LIBRARY OF CONGRESS CONTROL NUMBER
LC control number A-057637
020 ## - INTERNATIONAL STANDARD BOOK NUMBER
Terms of availability 16.00
035 ## - SYSTEM CONTROL NUMBER
System control number A-057637
037 ## - SOURCE OF ACQUISITION
Source of stock number/acquisition Cen Lib/Ret
040 ## - CATALOGING SOURCE
Original cataloging agency DPL
Language of cataloging HN
082 ## - DEWEY DECIMAL CLASSIFICATION NUMBER
Classification number
Item number यात्रीसे
100 ## - MAIN ENTRY--PERSONAL NAME
Personal name यात्री, से.रा.
9 (RLIN) 69679
245 ## - TITLE STATEMENT
Title अकर्मक क्रिया /
Statement of responsibility, etc से.रा.यात्री
246 ## - VARYING FORM OF TITLE
Title proper/short title Akarmak kriya /
Remainder of title by S.R.Yatri
260 ## - PUBLICATION, DISTRIBUTION, ETC. (IMPRINT)
Place of publication, distribution, etc दिल्ली
Name of publisher, distributor, etc निधि प्रकाशन
Date of publication, distribution, etc 1981
270 ## - ADDRESS
City दिल्ली
Postal code 110006
Address 1590, मदरसा रोड, कश्मीरी गेट
300 ## - PHYSICAL DESCRIPTION
Extent 125पृ.
Dimensions 17सेमी(सजिल्द)
650 ## - SUBJECT ADDED ENTRY--TOPICAL TERM
Topical term or geographic name as entry element हिन्दी साहित्य
9 (RLIN) 69680
650 ## - SUBJECT ADDED ENTRY--TOPICAL TERM
Topical term or geographic name as entry element हिन्दी -- लघु कथाएँ
9 (RLIN) 45972
650 ## - SUBJECT ADDED ENTRY--TOPICAL TERM
Topical term or geographic name as entry element Hindi literature
9 (RLIN) 69681
650 ## - SUBJECT ADDED ENTRY--TOPICAL TERM
Topical term or geographic name as entry element Hindi -- short stories
9 (RLIN) 29625
942 ## - ADDED ENTRY ELEMENTS (KOHA)
Source of classification or shelving scheme Dewey Decimal Classification
Koha item type Hindi Books
Classification part
Call number suffix यात्रीसे
Holdings
Withdrawn status Lost status Damaged status Not for loan Home library Current library Date acquired Source of acquisition Cost, normal purchase price Total Checkouts Full call number Barcode Date last seen Copy number Cost, replacement price Price effective from Koha item type
        Central Library Central Library 26/08/2015 Cen Lib/Ret 16.00   क यात्रीसे A-057637 26/08/2015 1 16.00 26/08/2015 Hindi Books

© Delhi Public Library
Hit Counter
free hit counter